Представление документа в формате RUSMARC

ПолеНазваниеЗначение
  Тип записи a
  Библиографический уровень m
001 Контрольный номер 87c8d78583674efca84685d928904235
005 Дата корректировки 20250317145405.9
010 Индекс ISBN __
a ISBN 978-5-04-122711-1
b Уточнения в пер.
100 Данные общей обработки __
a Данные общей обработки 20240119d 0rusy0189## ca
101 Язык документа 0_
a Язык текста rus
102 Страна публикации __
a Страна публикации RU
200 Заглавие и сведения об ответственности 1_
a Заглавие Сердце двушки
f Первые сведения об ответственности Дмитрий Емец
e Сведения, относящиеся к заглавию [для старшего школьного возраста]
210 Выходные данные 1_
a Место издания Москва
c Издательство Эксмо
d Дата издания 2021
215 Физическое описание __
a Объем 477, [3] с.
225 Серия 2_
a Серия Школа ныряльщиков (ШНыр, новый суперпроект Д. Емца)
333 Примечание о целевом назначении __
a Примечание о целевом назначении 16+
517 Другие варианты заглавия 1_
a Другие варианты заглавия Школа ныряльщиков
606 Тематические рубрики 0_
a Основная рубрика Русская детская литература, 21 в.
610 Ключевые слова 0_
a Ключевые слова русское фэнтези; ныряльщики (х. л.); ведьмари (х. л.); параллельные миры (х. л.); волшебники (х. л.); драконы (х. л.); опасные приключения (х. л.); магические школы (х. л.); волшебные миры (х. л.)
686 Индексы других классификаций __
a Классификационный индекс Р2
700 Автор _1
a Фамилия Емец
b Имя (инициалы) Д. А.
g Полное личное имя Дмитрий Александрович
801 Источник записи _0
a Страна RU
b Организация УОБДЮ
c Дата составления 20240119
g Правила каталогизации RCR
801 Источник записи _1
a Страна RU
b Организация УОБДЮ
c Дата составления 20240119
g Правила каталогизации RCR
830 Общее примечание каталогизатора __
a Текст примечания Ю
852 Данные о местонахождении __
i Авторский знак Е 60
j Шифр хранения Р2
900 Электронные ресурсы __
a Имя электронного ресурса 587735
901 Тип документа __
t Тип документа m
905 Данные по созданию БЗ __
b Логин пользователя, который создал БЗ imm
b Логин пользователя, который создал БЗ o8
a Дата создания БЗ 202402